000 00543nam a2200193Ia 4500
008 131103s9999 xx 000 0 und d
040 _aLoreto College
041 _aEnglish
082 _a822.33(ID)/h
_b#NAME?
245 4 _aThe second part of King Henry IV
_cEdited by A R Humphreys
260 _aLondon
_bMethuen
_c1966
300 _axci,242p.
_c 21cm.
440 _athe arden Shakespeare
504 _aIncludes notes
650 _aEnglish drama
700 _aHumphreys A R ed.
850 _aLCLIB/822.33(ID)/H - IV/HUM
942 _cBK
999 _c22055
_d72534